000 00690nam a2200193Ii 4500
003 JO-AjNU
008 230605s9999||||xx |||||||||||||| ||und||
040 _aJO-AjNU
_bara
_erda
_cJO-AjNU
041 _aara
050 1 4 _aBP173.758.S2464 1997
100 3 _aالسالوس، علي أحمد,
_eauthor
_956411
245 0 0 _aالإقتصاد الإسلامي والقضايا الفقهية المعاصرة، ج2
264 3 1 _aالقاهرة: دار ام القرى للطباعة، 1997
300 _aج2، 550-1060ص
336 _atext
_btxt
_2rdacontent
337 _aunmediated
_bn
_2rdamedia
338 _avolume
_bnc
_2rdacarrier
650 4 _aالاقتصاد الاسلامي
_956412
999 _aA25218
_c28786
_d28786